[Event "Rouen Open"]
[Site "Rouen FRA"]
[Date "2023.12.28"]
[Round "5"]
[White "Li Min Peng"]
[Black "Alireza Firouzja"]
[Result "0-1"]
[EventDate "2023.12.18"]
[WhiteElo "2562"]
[BlackElo "2763"]
[PlyCount "144"]

1. d4 Nf6 2. c4 e6 3. Nc3 Bb4 4. Qc2 d6 5. Nf3 O-O 6. g3 Re8 7. a3 Bxc3+ 8. Qxc3 a5 9. b3 Nc6 10. Bg2 e5 11. dxe5 dxe5 12. Bb2 Qe7 13. O-O Bf5 14. b4 e4 15. Nh4 Bd7 16. c5 Qe6 17. Rad1 axb4 18. axb4 Ra4 19. f3 e3 20. f4 Nxb4 21. Rd4 Na2 22. Qc2 Rxd4 23. Bxd4 Nb4 24. Qb2 Nc6 25. Bxf6 gxf6 26. Rd1 Bc8 27. Bf3 Kg7 28. Qc3 Qa2 29. Kg2 Qa5 30. Qxa5 Nxa5 31. Rd3 Nc4 32. Rc3 Nd2 33. h3 f5 34. g4 c6 35. Ra3 h6 36. Ra8 Kf8 37. Ra3 fxg4 38. hxg4 Kg7 39. Rd3 Rg8 40. Rxe3 Kf6 41. Rd3 Ne4 42. Bxe4 Rxg4+ 43. Kf3 Rxh4 44. Rd8 Be6 45. Rb8 Rh3+ 46. Kf2 Rb3 47. Rh8 Bf5 48. Bxf5 Kxf5 49. Rxh6 Kxf4 50. Rd6 Ke5 51. e3 Rb5 52. Rd7 Ke6 53. Rc7 f5 54. Kf3 Kd5 55. Rf7 Kxc5 56. Rxf5+ Kc4 57. Rf7 Rb1 58. Rf4+ Kc3 59. Ke4 b5 60. Rf6 c5 61. Kd5 c4 62. e4 Kb3 63. e5 Re1 64. Rb6 b4 65. e6 c3 66. Kc5 Re5+ 67. Kd4 c2 68. Kxe5 c1=Q 69. Rd6 Qg5+ 70. Kd4 Kc2 71. Kc4 b3 72. Rd5 Qe3 0-1

[Event "Rouen Open"]
[Site "Rouen FRA"]
[Date "2023.12.27"]
[Round "3"]
[White "Maxime Marie"]
[Black "Alireza Firouzja"]
[Result "0-1"]
[EventDate "2023.12.18"]
[WhiteElo "2219"]
[BlackElo "2763"]
[PlyCount "80"]

1. c4 e5 2. Nc3 Bb4 3. Nd5 a5 4. g3 Bc5 5. Bg2 c6 6. Nc3 Nf6 7. e3 d5 8. cxd5 Nxd5 9. Nxd5 cxd5 10. d4 Bb4+ 11. Bd2 e4 12. Ne2 Nc6 13. f3 f5 14. O-O O-O 15. Bxb4 axb4 16. Qb3 Be6 17. Rfc1 Qd6 18. Rc5 b6 19. Rb5 Ra5 20. Rxb6 Qc7 21. Rxc6 Qxc6 22. Qxb4 Rfa8 23. Nc3 R5a7 24. Bf1 exf3 25. a4 g5 26. Qc5 Qd7 27. a5 f4 28. Bb5 Qf7 29. exf4 gxf4 30. a6 fxg3 31. hxg3 f2+ 32. Kg2 Rf8 33. Be2 Rxa6 34. Qxf8+ Qxf8 35. Bxa6 Qb4 36. Rf1 Qxd4 37. Be2 Qe3 38. Rxf2 Bh3+ 39. Kxh3 Qxf2 40. Bg4 d4 0-1

[Event "Rouen Open"]
[Site "Rouen FRA"]
[Date "2023.12.27"]
[Round "4"]
[White "Alireza Firouzja"]
[Black "Hugo Tirard"]
[Result "1-0"]
[EventDate "2023.12.18"]
[WhiteElo "2763"]
[BlackElo "2413"]
[PlyCount "66"]

1. d4 Nf6 2. c4 g6 3. Nc3 Bg7 4. e4 d6 5. h3 O-O 6. Be3 Na6 7. g4 e5 8. d5 Nc5 9. f3 a5 10. Qd2 Bd7 11. O-O-O Ne8 12. h4 f5 13. gxf5 gxf5 14. Bh3 Qc8 15. h5 Kh8 16. h6 Bf6 17. Bxf5 Bxf5 18. exf5 Qxf5 19. Nge2 Rg8 20. f4 exf4 21. Nxf4 Ne4 22. Qd3 Ng3 23. Qxf5 Nxf5 24. Bd2 Rg4 25. Ne4 Bd4 26. Ne6 Be5 27. Rhf1 Rxe4 28. Rxf5 Rxc4+ 29. Kb1 Nf6 30. Rdf1 Ng8 31. Rf8 Rxf8 32. Rxf8 Bf6 33. Ng5 1-0

[Event "Rouen Open"]
[Site "Rouen FRA"]
[Date "2023.12.26"]
[Round "1"]
[White "Philippe Andrieu"]
[Black "Alireza Firouzja"]
[Result "0-1"]
[EventDate "?"]
[WhiteElo "1686"]
[BlackElo "2763"]
[PlyCount "66"]

1. Nf3 d5 2. c4 d4 3. b4 c5 4. bxc5 Nc6 5. g3 e5 6. d3 Bxc5 7. Bg2 Nf6 8. O-O O-O 9. Bg5 h6 10. Bxf6 Qxf6 11. Nbd2 Qe7 12. Ne4 Bb4 13. Rb1 a5 14. Ne1 Bg4 15. Nc2 f5 16. Nd2 e4 17. Nxb4 axb4 18. dxe4 Rxa2 19. h3 Bh5 20. Bf3 Bxf3 21. exf3 Na5 22. Kg2 f4 23. Rc1 d3 24. c5 Qe6 25. g4 Rd8 26. Rb1 Rc2 27. Rxb4 Qa2 28. Nb3 Nc4 29. Rxc4 Rxc4 30. e5 Rc2 31. Nc1 Qc4 32. e6 Qxe6 33. Nxd3 Qc4 0-1

[Event "Rouen Open"]
[Site "Rouen FRA"]
[Date "2023.12.26"]
[Round "2"]
[White "Alireza Firouzja"]
[Black "Alex Konidakis"]
[Result "1-0"]
[EventDate "?"]
[WhiteElo "2763"]
[BlackElo "1858"]
[PlyCount "64"]

1. e4 e5 2. Nf3 Nc6 3. Bb5 a6 4. Ba4 d6 5. O-O Bg4 6. h3 h5 7. d4 b5 8. Bb3 Nxd4 9. hxg4 hxg4 10. Ng5 Nh6 11. Bd5 c6 12. c3 cxd5 13. cxd4 dxe4 14. dxe5 dxe5 15. Nc3 Qxd1 16. Rxd1 f6 17. Ne6 Kf7 18. Nxf8 Raxf8 19. Nxe4 Nf5 20. Be3 Rh5 21. Bc5 Rfh8 22. Kf1 Rh1+ 23. Ke2 R1h2 24. g3 Kg6 25. Rd7 Rc8 26. b4 Rhh8 27. a4 Rhd8 28. Rxd8 Rxd8 29. axb5 axb5 30. Nc3 Nd4+ 31. Bxd4 Rxd4 32. Rb1 1-0

[Event "Chartres Noel Match Series 2023"]
[Site "Chartres FRA"]
[Date "2023.12.20"]
[Round "2.1"]
[White "Alireza Firouzja"]
[Black "Andrei Shchekachev"]
[Result "1-0"]
[EventDate "2023.12.20"]
[WhiteElo "2763"]
[BlackElo "2506"]
[PlyCount "56"]

1. e4 c5 2. Nf3 e6 3. d4 cxd4 4. Nxd4 a6 5. Bd3 d5 6. exd5 Qxd5 7. Nc3 Qxg2 8. Be4 Qh3 9. Qe2 Nf6 10. Bf3 Bc5 11. Nb3 Be7 12. Bf4 O-O 13. O-O-O e5 14. Bxe5 Nc6 15. Bxc6 bxc6 16. Rhg1 g6 17. Rd3 Qh6+ 18. f4 Bf5 19. Rdg3 c5 20. Rg5 Be6 21. Na5 Rfc8 22. Kb1 Kf8 23. Nc4 Nd7 24. Bd6 Re8 25. Bxe7+ Rxe7 26. Qf3 Rb8 27. Na5 Ree8 28. Nc6 1-0

[Event "Chartres Noel Match1 2023"]
[Site "Chartres FRA"]
[Date "2023.12.19"]
[Round "1.2"]
[White "Alexandre Dgebuadze"]
[Black "Alireza Firouzja"]
[Result "0-1"]
[EventDate "2023.12.18"]
[WhiteElo "2439"]
[BlackElo "2763"]
[PlyCount "74"]

1. e4 c5 2. Nf3 d6 3. d4 cxd4 4. Nxd4 Nf6 5. Nc3 Nc6 6. Bc4 Qb6 7. Nb3 e6 8. O-O Be7 9. a4 Qc7 10. Kh1 O-O 11. Bd3 e5 12. f4 Nb4 13. Nb5 Qd8 14. Bd2 Nxd3 15. cxd3 Bg4 16. Qe1 a6 17. Na3 Be6 18. Na5 exf4 19. Rxf4 Rb8 20. Nc2 d5 21. e5 Nd7 22. Nd4 Bg5 23. Nab3 Bxf4 24. Bxf4 h6 25. Qd2 Qh4 26. Rf1 Rbe8 27. Qb4 f6 28. Qxb7 fxe5 29. Nxe6 Rxe6 30. Qxd7 Qe7 31. Qxd5 Kh8 32. Nd2 exf4 33. Ne4 Rb6 34. b3 Rd8 35. Qc4 Rb4 36. Qc2 Rbd4 37. Nf2 Qe3 0-1

[Event "Chartres Noel Match1 2023"]
[Site "Chartres FRA"]
[Date "2023.12.18"]
[Round "1.1"]
[White "Alireza Firouzja"]
[Black "Alexandre Dgebuadze"]
[Result "1-0"]
[EventDate "2023.12.18"]
[WhiteElo "2763"]
[BlackElo "2439"]
[PlyCount "66"]

1. e4 e6 2. d4 d5 3. Nc3 Bb4 4. e5 Ne7 5. a3 Bxc3+ 6. bxc3 c5 7. Qg4 O-O 8. Bd3 Nbc6 9. Bg5 Qc7 10. Nf3 Ng6 11. h4 cxd4 12. cxd4 f5 13. exf6 e5 14. Qg3 Nxd4 15. O-O Nf5 16. Bxf5 Bxf5 17. Nd4 Qd7 18. Nxf5 Qxf5 19. fxg7 Rf7 20. Rad1 Rxg7 21. Rxd5 Nf4 22. Qf3 Rf8 23. Bxf4 Qxf4 24. Qe2 e4 25. Rd4 Rg4 26. f3 Rxh4 27. Rxe4 Qh2+ 28. Kf2 Rxe4 29. Qxe4 Qc7 30. Re1 Qd7 31. Qc4+ Qf7 32. Qd4 b6 33. Re4 1-0

[Event "Saint Louis Blitz 2023"]
[Site "Saint Louis, MO USA"]
[Date "2023.11.17"]
[Round "7.4"]
[White "Alireza Firouzja"]
[Black "Quang Liem Le"]
[Result "0-1"]
[EventDate "2023.11.17"]
[WhiteElo "2777"]
[BlackElo "2731"]
[PlyCount "150"]

1. c4 c5 2. g3 g6 3. Bg2 Bg7 4. Nc3 Nc6 5. d3 d6 6. Qd2 Qd7 7. b3 b6 8. Bb2 Bb7 9. h4 Nd4 10. f3 Bh6 11. Qd1 Nf5 12. Bh3 Qd8 13. Bxf5 gxf5 14. Nh3 Nf6 15. Ng5 Bg7 16. Qd2 Nh5 17. Nd5 Rg8 18. Bxg7 Rxg7 19. Rg1 e6 20. Nc3 h6 21. Nh3 Rxg3 22. O-O-O Qxh4 23. Rxg3 Nxg3 24. Nf4 O-O-O 25. Kc2 Qh2 26. a3 h5 27. b4 h4 28. bxc5 dxc5 29. a4 Qf2 30. a5 Nf1 31. Nh3 Qh2 32. Qc1 Qxh3 33. Rxf1 Qh2 34. axb6 axb6 35. Rh1 Qg3 36. Qh6 Bxf3 37. Qxh4 Qxh4 38. Rxh4 Bc6 39. Rh7 Rd7 40. e3 Kc7 41. Rh8 Kd6 42. Rb8 Rb7 43. Rh8 Ke7 44. Rc8 Bd7 45. Rh8 Kf6 46. Rh6+ Kg5 47. Rh1 Bc6 48. Rg1+ Kf6 49. Rg8 Ke5 50. Rg5 Rb8 51. Rg7 Rf8 52. Ne2 b5 53. cxb5 Bxb5 54. Nf4 c4 55. d4+ Ke4 56. Rg3 Rh8 57. Kc3 Rh2 58. Nh3 f6 59. Nf4 Ra2 60. Nxe6 Ra3+ 61. Kb4 Rb3+ 62. Ka5 Rxe3 63. Rg1 Bc6 64. Kb4 Bd5 65. Nc5+ Kxd4 66. Rd1+ Rd3 67. Rf1 Be4 68. Ne6+ Ke5 69. Nf4 Rf3 70. Ng6+ Kd4 71. Rd1+ Rd3 72. Rb1 Rd2 73. Rc1 Rb2+ 74. Ka3 c3 75. Nf4 Kc4 0-1

[Event "AI Cup Div 1 L"]
[Site "chess.com INT"]
[Date "2023.09.27"]
[Round "2.1"]
[White "Ian Nepomniachtchi"]
[Black "Alireza Firouzja"]
[Result "0-1"]
[EventDate "2023.09.26"]
[WhiteElo "2771"]
[BlackElo "2777"]
[PlyCount "172"]

1. e4 e5 2. Nf3 Nc6 3. Bc4 Nf6 4. Ng5 d5 5. exd5 Na5 6. Bb5+ c6 7. dxc6 bxc6 8. Bd3 Nd5 9. h4 h6 10. Qh5 Qf6 11. Ne4 Qe6 12. b3 g6 13. Qe2 f5 14. Nec3 Nf4 15. Qf1 e4 16. Be2 Bg7 17. Bb2 Nd3+ 18. cxd3 exd3 19. Kd1 dxe2+ 20. Qxe2 Qxe2+ 21. Kxe2 Ba6+ 22. Kd1 O-O-O 23. Na4 Bxb2 24. Nxb2 Rd4 25. Kc2 Rhd8 26. h5 g5 27. Re1 Nb7 28. Re5 Rf4 29. f3 Bf1 30. g4 fxg4 31. fxg4 Bh3 32. Nc3 Bxg4 33. Nc4 Bf5+ 34. Kb2 Bd3 35. Re6 Bxc4 36. Rxc6+ Kb8 37. Rxc4 Rxd2+ 38. Ka3 Rxc4 39. bxc4 Rd3 40. Kb3 Na5+ 41. Kc2 Rh3 42. Rf1 Rxh5 43. c5 g4 44. Ne4 Nb7 45. Rf8+ Kc7 46. Rf7+ Kc6 47. Rg7 Nxc5 48. Rg6+ Kc7 49. Rg7+ Kb6 50. Rg6+ Ka5 51. Rxg4 Nxe4 52. Rxe4 Kb5 53. Re7 a5 54. Rh7 Rh2+ 55. Kb3 a4+ 56. Ka3 Rh3+ 57. Kb2 a3+ 58. Kc2 Kc5 59. Rh8 h5 60. Ra8 Kc4 61. Ra4+ Kb5 62. Ra8 h4 63. Rh8 Kc4 64. Rc8+ Kd5 65. Ra8 Rg3 66. Ra5+ Ke6 67. Kd2 h3 68. Rh5 Kf6 69. Ke2 Kg6 70. Rh8 Rc3 71. Kd2 Kg7 72. Rh4 Rg3 73. Ke2 Kf6 74. Kf2 Rc3 75. Kg1 Ke5 76. Kh2 Kd5 77. Rf4 Rc2+ 78. Kxh3 Rxa2 79. Kg3 Rb2 80. Ra4 a2 81. Kf3 Kc5 82. Ke3 Kb5 83. Ra8 Kc4 84. Ra7 Kc3 85. Rc7+ Kb3 86. Ra7 Kc2 0-1

[Event "AI Cup Div 1 L"]
[Site "chess.com INT"]
[Date "2023.09.27"]
[Round "2.2"]
[White "Alireza Firouzja"]
[Black "Ian Nepomniachtchi"]
[Result "0-1"]
[EventDate "2023.09.26"]
[WhiteElo "2777"]
[BlackElo "2771"]
[PlyCount "104"]

1. e4 c5 2. Nf3 d6 3. Bb5+ Nd7 4. a4 g6 5. O-O a6 6. Be2 Bg7 7. Nc3 b6 8. d4 cxd4 9. Nxd4 Ngf6 10. Nc6 Qc7 11. Nb4 Bb7 12. Nbd5 Qd8 13. Re1 O-O 14. Bf1 Rc8 15. f3 Nxd5 16. Nxd5 e6 17. Nf4 Nc5 18. c3 Qc7 19. Be3 Rfd8 20. Qc2 Bc6 21. Nd3 Bb7 22. Kh1 h5 23. Rad1 Qe7 24. a5 b5 25. Qf2 Na4 26. Bd4 Qc7 27. Bxg7 Kxg7 28. Ra1 e5 29. Kg1 Rd7 30. c4 bxc4 31. Nxe5 dxe5 32. Rxa4 Rd4 33. Rc1 Rcd8 34. Rcxc4 Rxc4 35. Rxc4 Qxa5 36. Qc5 Qa1 37. Qxe5+ Kg8 38. Rc7 Bc8 39. Qf6 Rf8 40. Kf2 Be6 41. Qd4 Rb8 42. Rc2 a5 43. Rd2 a4 44. h4 Kh7 45. Be2 Qh1 46. Qf6 Qc1 47. Qd4 Rb7 48. Bf1 Rd7 49. Qxd7 Bxd7 50. Rxd7 Qxb2+ 51. Kg3 Qb8+ 52. Kf2 Qb3 0-1

[Event "AI Cup Div 1 L"]
[Site "chess.com INT"]
[Date "2023.09.27"]
[Round "2.3"]
[White "Ian Nepomniachtchi"]
[Black "Alireza Firouzja"]
[Result "1-0"]
[EventDate "2023.09.26"]
[WhiteElo "2771"]
[BlackElo "2777"]
[PlyCount "76"]

1. d4 Nf6 2. c4 e6 3. Nc3 Bb4 4. e3 O-O 5. Bd3 d5 6. Nf3 dxc4 7. Bxc4 c5 8. O-O cxd4 9. exd4 b6 10. Qe2 Bb7 11. Rd1 h6 12. Rd3 Nc6 13. Ne5 Ne7 14. a3 Bxc3 15. bxc3 Rc8 16. Rh3 Nf5 17. Bd2 Ne4 18. Re1 Nxd2 19. Qxd2 Rxc4 20. Nxc4 Bxg2 21. Kxg2 Qd5+ 22. Kg1 Qxc4 23. Re5 Rd8 24. Qe2 Qxe2 25. Rxe2 Ne7 26. Rc2 Nc6 27. Rh4 Rd5 28. c4 Rxd4 29. Rxd4 Nxd4 30. c5 bxc5 31. Rxc5 e5 32. Ra5 e4 33. Rxa7 Nf3+ 34. Kg2 Nh4+ 35. Kh1 f5 36. a4 Kf8 37. a5 f4 38. Rb7 1-0

[Event "AI Cup Div 1 L"]
[Site "chess.com INT"]
[Date "2023.09.26"]
[Round "1.1"]
[White "Alireza Firouzja"]
[Black "Denis Lazavik"]
[Result "1-0"]
[EventDate "2023.09.26"]
[WhiteElo "2777"]
[BlackElo "2560"]
[PlyCount "80"]

1. e4 e5 2. Nf3 Nc6 3. Bc4 Bc5 4. d3 Nf6 5. h3 d6 6. c3 a6 7. a4 h6 8. O-O O-O 9. Re1 Re8 10. a5 Ba7 11. Bb3 Be6 12. Ba4 Bd7 13. Nbd2 Ne7 14. Bc2 Ng6 15. d4 Bc6 16. Ra3 Rc8 17. b4 Nh7 18. Bb2 Ng5 19. c4 Bd7 20. dxe5 dxe5 21. c5 Bb5 22. Nxg5 Qxg5 23. Rg3 Qe7 24. Qh5 Rcd8 25. Bb3 Kf8 26. Nf3 Nf4 27. Qxe5 Qxe5 28. Bxe5 Nh5 29. Rg4 Rd3 30. Re3 Rxe3 31. fxe3 g5 32. Bd5 Be2 33. Bxc7 Nf6 34. Bd6+ Kg8 35. Bxb7 Nxg4 36. hxg4 Bb5 37. Nd4 Bd7 38. Bxa6 Rxe4 39. b5 Rxe3 40. b6 1-0

[Event "AI Cup Div 1 L"]
[Site "chess.com INT"]
[Date "2023.09.26"]
[Round "1.2"]
[White "Denis Lazavik"]
[Black "Alireza Firouzja"]
[Result "1/2-1/2"]
[EventDate "2023.09.26"]
[WhiteElo "2560"]
[BlackElo "2777"]
[PlyCount "132"]

1. d4 Nf6 2. c4 e6 3. Nf3 d5 4. g3 dxc4 5. Bg2 c5 6. O-O Nc6 7. Qa4 Bd7 8. Qxc4 cxd4 9. Nxd4 Rc8 10. Nc3 Nxd4 11. Qxd4 Bc5 12. Qh4 Bc6 13. Rd1 Qa5 14. Bg5 Be7 15. Bxc6+ Rxc6 16. Ne4 Qe5 17. Nxf6+ Bxf6 18. Bxf6 Qxf6 19. Qxf6 gxf6 20. Rac1 Rxc1 21. Rxc1 Kd7 22. e4 Rg8 23. h4 Rg4 24. Rd1+ Ke7 25. Re1 b5 26. Kg2 a5 27. Kf3 Rg8 28. Rc1 Kd6 29. g4 h6 30. Kf4 a4 31. f3 Rb8 32. Rc2 Rg8 33. Ke3 Rb8 34. Kd4 Ra8 35. Rc1 Rb8 36. Rc3 Ra8 37. Ke3 Rb8 38. f4 Rg8 39. Kf3 Rb8 40. h5 Rg8 41. Rc2 Rb8 42. Rg2 Rg8 43. Rg1 Ke7 44. Rc1 Kd6 45. Rc2 Rh8 46. b4 axb3 47. axb3 Ra8 48. Rd2+ Ke7 49. Rd4 Rc8 50. Ke3 e5 51. fxe5 fxe5 52. Rd5 Rc3+ 53. Kd2 Rxb3 54. Rxe5+ Kf6 55. Rf5+ Kg7 56. g5 hxg5 57. Rxg5+ Kh6 58. Rf5 Kg7 59. Kc2 Re3 60. Rxb5 Rxe4 61. Kd3 Rh4 62. Ke3 Kh6 63. Rf5 Rxh5 64. Rxf7 Kg6 65. Rf4 Rf5 66. Rxf5 Kxf5 1/2-1/2

[Event "Bullet Chess Championship"]
[Site "Chess.com INT"]
[Date "2023.07.21"]
[Round "29"]
[White "Alireza Firouzja"]
[Black "Magnus Carlsen"]
[Result "0-1"]
[EventDate "?"]
[WhiteElo "2777"]
[BlackElo "2835"]
[PlyCount "86"]

1. e4 e5 2. Nf3 Nc6 3. Bc4 Nf6 4. d3 Be7 5. c3 O-O 6. O-O d6 7. Re1 Na5 8. Bb5 a6 9. Ba4 b5 10. Bc2 c5 11. Nbd2 Re8 12. h3 Nc6 13. Nf1 Bf8 14. Ng3 h6 15. Be3 d5 16. exd5 Nxd5 17. a4 Nxe3 18. Rxe3 Rb8 19. Qe2 Be6 20. Nxe5 Nxe5 21. Rxe5 Bd6 22. Re3 Bf4 23. Re4 Bxg3 24. fxg3 b4 25. cxb4 Rxb4 26. Rxb4 cxb4 27. Qf2 b3 28. Bd1 Qxd3 29. Bf3 Rc8 30. Rd1 Qc2 31. Rd2 g6 32. Kh2 Qc4 33. Qe3 h5 34. Rd4 Qc5 35. Qd2 Qe5 36. Rd8+ Rxd8 37. Qxd8+ Kg7 38. Qd2 h4 39. a5 hxg3+ 40. Kh1 Kh7 41. Be2 Qf5 42. Kg1 Qf2+ 43. Kh1 Bxh3 0-1

[Event "Bullet Chess Championship"]
[Site "Chess.com INT"]
[Date "2023.07.21"]
[Round "29"]
[White "Magnus Carlsen"]
[Black "Alireza Firouzja"]
[Result "1-0"]
[EventDate "?"]
[WhiteElo "2835"]
[BlackElo "2777"]
[PlyCount "58"]

1. e4 e5 2. Nc3 Nf6 3. Nf3 Nc6 4. a3 d5 5. Bb5 dxe4 6. Nxe5 Qd6 7. d4 exd3 8. Nxc6 bxc6 9. Bxd3 Be7 10. O-O Ng4 11. g3 O-O 12. Bf4 Qd8 13. Qf3 Bd6 14. Rad1 g6 15. Be4 Rb8 16. b3 Qe7 17. Bxc6 Ne5 18. Bxe5 Qxe5 19. Rfe1 Qc5 20. Ne4 Qxc2 21. Bd5 Bf5 22. Nxd6 cxd6 23. Rc1 Qb2 24. Rc7 Bh3 25. Rxf7 Rxf7 26. Qxf7+ Kh8 27. Re8+ Rxe8 28. Qxe8+ Kg7 29. Qe7+ 1-0

[Event "Bullet Chess Championship"]
[Site "Chess.com INT"]
[Date "2023.07.21"]
[Round "29"]
[White "Alireza Firouzja"]
[Black "Magnus Carlsen"]
[Result "1-0"]
[EventDate "?"]
[WhiteElo "2777"]
[BlackElo "2835"]
[PlyCount "178"]

1. e4 e5 2. Nf3 Nc6 3. Bc4 Nf6 4. d3 Be7 5. Nc3 O-O 6. a4 d6 7. O-O Bg4 8. h3 Bxf3 9. Qxf3 Nd4 10. Qd1 c6 11. Ba2 d5 12. exd5 Nxd5 13. Ne4 f5 14. Ng3 Kh8 15. c3 Ne6 16. Re1 Bd6 17. Qh5 Nef4 18. Qf3 Qf6 19. Bd2 Qg6 20. Rad1 Rae8 21. Bxf4 Nxf4 22. Kf1 h6 23. Bb1 Qf6 24. Nh5 Nxh5 25. Qxh5 a5 26. d4 e4 27. Re2 Bf4 28. Ree1 g6 29. Qe2 h5 30. Kg1 h4 31. Rf1 Bc7 32. Qe3 Kg7 33. d5 Qe5 34. Qd4 Qxd4 35. Rxd4 c5 36. Rdd1 Bd6 37. Rfe1 Kf6 38. Kf1 g5 39. Ba2 Re5 40. Bc4 Rfe8 41. Bb5 R8e7 42. Bc4 f4 43. Re2 Kf5 44. Rde1 e3 45. Bd3+ Kf6 46. Bc4 Re4 47. Bb3 c4 48. Bc2 R4e5 49. Rd1 Bc5 50. f3 Rd7 51. Be4 Rxe4 52. fxe4 Ke5 53. b3 cxb3 54. Rb2 Kxe4 55. Ke2 Rxd5 56. Rxd5 Kxd5 57. Kd3 b6 58. Rxb3 Ke5 59. Rb2 Kd5 60. Rb1 Ke5 61. Rf1 Kf5 62. Rd1 g4 63. hxg4+ Kxg4 64. Ke2 Kg3 65. Rd5 Kxg2 66. Rg5+ Kh2 67. Kf3 h3 68. Rg4 Bd6 69. Rg6 Be5 70. c4 Bd4 71. Rg5 Bc5 72. Rg4 e2 73. Kxe2 Be3 74. Kf3 Bd2 75. Rg5 Be3 76. Rg4 Bc5 77. Rh4 Kg1 78. Rh5 Be3 79. Rg5+ Kf1 80. Rh5 Ke1 81. Rxh3 Kd2 82. Rh4 Kc3 83. Rg4 Bc5 84. Rg5 Kxc4 85. Rf5 Kb4 86. Rg5 Kxa4 87. Rg4 Kb4 88. Rxf4+ Kb5 89. Rf5 1-0

[Event "Bullet Chess Championship"]
[Site "Chess.com INT"]
[Date "2023.07.21"]
[Round "29"]
[White "Magnus Carlsen"]
[Black "Alireza Firouzja"]
[Result "1-0"]
[EventDate "?"]
[WhiteElo "2835"]
[BlackElo "2777"]
[PlyCount "90"]

1. e4 e5 2. Nf3 Nc6 3. Bb5 a6 4. Ba4 Nf6 5. O-O Be7 6. Re1 b5 7. Bb3 d6 8. a4 b4 9. a5 O-O 10. h3 Rb8 11. d3 Rb5 12. Nbd2 Rxa5 13. Rxa5 Nxa5 14. Ba4 c5 15. c3 Bd7 16. Bxd7 Qxd7 17. cxb4 cxb4 18. b3 Qb5 19. Nc4 Nc6 20. Bg5 Rd8 21. Bh4 h6 22. d4 exd4 23. Nxd4 Nxd4 24. Qxd4 d5 25. exd5 Rxd5 26. Qa7 Rd7 27. Qa8+ Kh7 28. Qf3 Qd5 29. Qe2 g5 30. Nb6 Qf5 31. Nxd7 Nxd7 32. Qxe7 gxh4 33. Qe4 Qxe4 34. Rxe4 a5 35. Rc4 Kg7 36. Rc7 Ne5 37. Rc5 Nd3 38. Rxa5 Kf6 39. Rd5 Nc1 40. Kh2 Ke6 41. Rd4 Na2 42. Rxh4 Ke5 43. Rxh6 Kd4 44. Rc6 Kd3 45. Rc4 1-0

[Event "Bullet Chess Championship"]
[Site "Chess.com INT"]
[Date "2023.07.21"]
[Round "29"]
[White "Alireza Firouzja"]
[Black "Magnus Carlsen"]
[Result "0-1"]
[EventDate "?"]
[WhiteElo "2777"]
[BlackElo "2835"]
[PlyCount "60"]

1. e4 c6 2. d4 d5 3. e5 Bf5 4. Nf3 e6 5. Be2 Ne7 6. O-O c5 7. dxc5 Nec6 8. c3 Bxc5 9. Bd3 Bg4 10. Nbd2 Nd7 11. Bb5 O-O 12. Bxc6 bxc6 13. h3 Bh5 14. Re1 Qb6 15. Qe2 a5 16. Nf1 Nxe5 17. Qxe5 Bxf2+ 18. Kh2 Bxf3 19. gxf3 Bxe1 20. Qxe1 e5 21. Ng3 Rae8 22. Nf5 Re6 23. Qg3 g6 24. Nh6+ Kg7 25. Ng4 h5 26. Nxe5 h4 27. Qf4 Qf2+ 28. Kh1 Qe1+ 29. Kg2 Rxe5 30. Qd4 Kg8 0-1

[Event "Bullet Chess Championship"]
[Site "Chess.com INT"]
[Date "2023.07.21"]
[Round "29"]
[White "Magnus Carlsen"]
[Black "Alireza Firouzja"]
[Result "0-1"]
[EventDate "?"]
[WhiteElo "2835"]
[BlackElo "2777"]
[PlyCount "132"]

1. e4 e5 2. Nc3 Nf6 3. Nf3 Nc6 4. a3 d5 5. Bb5 d4 6. Ne2 Bd6 7. d3 O-O 8. Ng3 Ne7 9. O-O Be6 10. Ng5 Bg4 11. f3 Bc8 12. f4 exf4 13. Bxf4 Bxf4 14. Rxf4 Ng6 15. Rf1 Ng4 16. Nxf7 Rxf7 17. Bc4 N6e5 18. Bxf7+ Nxf7 19. Qd2 Ne3 20. Rf2 Be6 21. Nf1 Ng4 22. Rf4 Qe7 23. h3 Nge5 24. Ng3 Qg5 25. Qf2 Ng6 26. Rf5 Bxf5 27. exf5 Nf4 28. Kh2 Re8 29. Rf1 Nd5 30. Ne4 Qe3 31. Qh4 Qh6 32. Qg3 Nf6 33. Qxc7 Nxe4 34. dxe4 Qd6+ 35. Qxd6 Nxd6 36. f6 Rxe4 37. fxg7 Kxg7 38. Rf2 Nc4 39. Rf3 b6 40. c3 Nxb2 41. cxd4 Rxd4 42. Rc3 Rd7 43. g4 Na4 44. Rc6 Nc5 45. Kg3 Kf7 46. Kh4 Ne6 47. Rc3 Rd5 48. Rf3+ Kg6 49. Re3 Ng5 50. Rc3 Ne6 51. Rc8 Ra5 52. Rg8+ Kf7 53. Rh8 Kg7 54. Re8 Nf8 55. Re7+ Kg8 56. Re3 Ng6+ 57. Kg3 Kg7 58. h4 Kf7 59. h5 Ne7 60. Rf3+ Kg7 61. Re3 Nd5 62. Rf3 Nf6 63. Rd3 Ra4 64. g5 Rg4+ 65. Kf3 Rxg5 66. Rd7+ Nxd7 0-1

[Event "Bullet Chess Championship"]
[Site "Chess.com INT"]
[Date "2023.07.21"]
[Round "29"]
[White "Magnus Carlsen"]
[Black "Alireza Firouzja"]
[Result "0-1"]
[EventDate "?"]
[WhiteElo "2835"]
[BlackElo "2777"]
[PlyCount "90"]

1. b3 d5 2. Bb2 Bg4 3. f3 Bf5 4. e4 dxe4 5. Qe2 Nf6 6. Nc3 Nc6 7. fxe4 Nd4 8. Qd3 Bg6 9. Nf3 Nxf3+ 10. Qxf3 e6 11. O-O-O Bh5 12. Qg3 Bxd1 13. Kxd1 Qd7 14. Bb5 c6 15. Bd3 O-O-O 16. Rf1 Ne8 17. e5 f5 18. exf6 Nxf6 19. Kc1 Bd6 20. Qe3 Kb8 21. Ne4 Nxe4 22. Qxe4 Rhf8 23. Rxf8 Rxf8 24. a4 g6 25. h4 Qe7 26. Kb1 e5 27. g3 a6 28. Bc3 Bc7 29. Bb4 Bd6 30. Bc3 Qe6 31. h5 Qf5 32. Qc4 Qxh5 33. Qe6 Qh1+ 34. Kb2 Qd5 35. Qh3 Qf7 36. Bc4 Qe7 37. a5 Bb4 38. Bxb4 Qxb4 39. Qxh7 Qxd2 40. Qxg6 Qd4+ 41. Ka2 e4 42. Qh6 Rh8 43. Qf4+ Ka7 44. Bd3 Rh1 45. Bc4 Ra1# 0-1

[Event "Bullet Chess Championship"]
[Site "Chess.com INT"]
[Date "2023.07.21"]
[Round "29"]
[White "Alireza Firouzja"]
[Black "Magnus Carlsen"]
[Result "1-0"]
[EventDate "?"]
[WhiteElo "2777"]
[BlackElo "2835"]
[PlyCount "64"]

1. e4 e5 2. Nf3 Nc6 3. Bc4 Nf6 4. d3 d5 5. exd5 Nxd5 6. O-O Be7 7. Re1 Nb6 8. Bb5 f6 9. d4 O-O 10. Bxc6 bxc6 11. dxe5 Qxd1 12. Rxd1 fxe5 13. Nxe5 Bf6 14. Nxc6 Bf5 15. Nc3 Bxc2 16. Re1 Rfe8 17. Bf4 Nc4 18. Bxc7 Kf7 19. Bg3 Rxe1+ 20. Rxe1 Nxb2 21. Ne5+ Bxe5 22. Bxe5 Nd3 23. Re3 Nxe5 24. Rxe5 Rc8 25. Re3 a5 26. f3 Bf5 27. Kf2 Be6 28. g4 h6 29. Kg3 Rc4 30. Ne4 Ra4 31. a3 Rc4 32. Nd6+ 1-0

[Event "Bullet Chess Championship"]
[Site "Chess.com INT"]
[Date "2023.07.21"]
[Round "29"]
[White "Magnus Carlsen"]
[Black "Alireza Firouzja"]
[Result "0-1"]
[EventDate "?"]
[WhiteElo "2835"]
[BlackElo "2777"]
[PlyCount "102"]

1. e4 e5 2. Nf3 Nc6 3. Bb5 a6 4. Ba4 Nf6 5. O-O Be7 6. Re1 b5 7. Bb3 d6 8. c3 O-O 9. h3 Bb7 10. d4 Re8 11. Nbd2 Bf8 12. a3 h6 13. Bc2 Nb8 14. b3 Nbd7 15. a4 g6 16. Bb2 Bg7 17. Bd3 Bc6 18. axb5 axb5 19. Qc2 Nb6 20. d5 Bd7 21. c4 bxc4 22. bxc4 c5 23. Rxa8 Qxa8 24. Ra1 Qb7 25. Bc3 Ra8 26. Rxa8+ Qxa8 27. Nxe5 dxe5 28. Bxe5 Nh5 29. Bxg7 Nxg7 30. e5 Bf5 31. Nb3 Qa4 32. d6 Bxd3 33. Qxd3 Qxc4 34. Qxc4 Nxc4 35. d7 Ne6 36. Nxc5 Nd8 37. f4 Kf8 38. Kf2 Ke7 39. Kf3 Nb6 40. Nd3 Nxd7 41. g4 Ne6 42. Ke4 Nec5+ 43. Nxc5 Nxc5+ 44. Kd5 Nd3 45. Ke4 Nf2+ 46. Kf3 Nxh3 47. Kg3 Ng1 48. Kf2 Nh3+ 49. Kg3 g5 50. Kxh3 gxf4 51. g5 hxg5 0-1

[Event "Bullet Chess Championship"]
[Site "Chess.com INT"]
[Date "2023.07.21"]
[Round "29"]
[White "Alireza Firouzja"]
[Black "Magnus Carlsen"]
[Result "1-0"]
[EventDate "?"]
[WhiteElo "2777"]
[BlackElo "2835"]
[PlyCount "48"]

1. e4 d5 2. exd5 Qxd5 3. Nc3 Qd6 4. d4 Nf6 5. Nf3 a6 6. g3 c6 7. Bf4 Qb4 8. a3 Qa5 9. Ne5 Nbd7 10. b4 Qd8 11. Bc4 Nxe5 12. dxe5 Qxd1+ 13. Rxd1 Nh5 14. Be3 g6 15. f4 Bg4 16. Rd2 Ng7 17. Na4 b5 18. Nb6 Rb8 19. Be2 h5 20. h3 Nf5 21. hxg4 Nxe3 22. Nd7 Nxc2+ 23. Kf2 Rd8 24. Rhd1 1-0